000 00408nam a2200157Ia 4500
008 230917s9999||||xx |||||||||||||| ||und||
040 _e60509
_aMAIN
041 _aEnglish
082 _a547.2 C237S
100 _aCarruthers, W
245 0 _aSome modern methods of organic synthesis
250 _a2nd ed.
260 _aCambridge
_bCambridge University Press
_c1978
300 _axii, 532 p.
942 _cBK
999 _c193618
_d193618